BUSINESS THE UNIVERSE AND EVERYTHING CON (Record no. 17854)

MARC details
000 -LEADER
fixed length control field 00370nam a2200145Ia 4500
008 - FIXED-LENGTH DATA ELEMENTS--GENERAL INFORMATION
fixed length control field 240624s9999 xx 000 0 und d
041 ## - LANGUAGE CODE
Language code of text/sound track or separate title eng
082 ## - DEWEY DECIMAL CLASSIFICATION NUMBER
Classification number 658.4092 CRA
100 ## - MAIN ENTRY--PERSONAL NAME
Personal name CRAINER STUART
245 ## - TITLE STATEMENT
Title BUSINESS THE UNIVERSE AND EVERYTHING CON
250 ## - EDITION STATEMENT
Edition statement 11
260 ## - PUBLICATION, DISTRIBUTION, ETC.
Date of publication, distribution, etc. 2003
Place of publication, distribution, etc. Chichester
Name of publisher, distributor, etc. Capstone
300 ## - PHYSICAL DESCRIPTION
Extent xi, : 147 : p. : cm. ; 23
365 ## - TRADE PRICE
Currency code
Price amount 30
Holdings
Withdrawn status Lost status Damaged status Not for loan Home library Current library Shelving location Date acquired Source of acquisition Cost, normal purchase price Full call number Barcode Date last seen Copy number Price effective from Koha item type
        IMTN IMTN Rack 30-B 09/17/2011 AP 19.95 658.4092 CRA 17854 06/24/2024 46.8 06/24/2024 Books
Designed & Maintained by: LRC IMT Nagpur Contact: lrc@imtnag.ac.in© 2024. All Rights Reserved.